000 00290nam a22001337a 4500
008 171010b xxu||||| |||| 00| 0 eng d
020 _a9780073370880
041 _aeng
080 _27TH
_a316
100 _a50
101 _aSOC
245 _aHUMAN SEXUALITY
_cYARBER,W.L
942 _2udc
_cBK
999 _c32937
_d32937